Becoming a star teacher : practical strategies and inspiration for K-6 teachers / (Record no. 10042)
[ view plain ]
| 000 -LEADER | |
|---|---|
| fixed length control field | 00512cam a2200181ua 4500 |
| 020 ## - INTERNATIONAL STANDARD BOOK NUMBER | |
| ISBN | 0 8039 6685 7 |
| 041 ## - LANGUAGE CODE | |
| Language code of text/sound track or separate title | eng |
| 082 ## - DEWEY DECIMAL CLASSIFICATION NUMBER | |
| Classification number | 028.7537 |
| Item number | HAR/BE |
| 100 ## - MAIN ENTRY--AUTHOR NAME | |
| Personal name | Hart, Patrica M . |
| 245 ## - TITLE STATEMENT | |
| Title | Becoming a star teacher : practical strategies and inspiration for K-6 teachers / |
| 260 ## - PUBLICATION, DISTRIBUTION, ETC. (IMPRINT) | |
| Place of publication | : |
| Name of publisher | Corwin press inc. , |
| Year of publication | 1997. |
| 300 ## - PHYSICAL DESCRIPTION | |
| Number of Pages | 67 ; . |
| 500 ## - GENERAL NOTE | |
| General note | ** Reference |
| 700 1# - ADDED ENTRY--PERSONAL NAME | |
| Personal name | Rowley, James B . |
| 942 ## - ADDED ENTRY ELEMENTS (KOHA) | |
| Koha item type | Books |
| Withdrawn status | Lost status | Damaged status | Home library | Current library | Date acquired | Full call number | Accession Number | Koha item type |
|---|---|---|---|---|---|---|---|---|
| KAUAET | KAUAET | 07/04/2012 | 028.7537 | 20173 | Reference |
